Classement du Ballon d'or 2010 - Statistiques

Statistiques générales
  • Ce quiz a été pris 263 fois
  • Le résultat moyen est 17 sur 23
Statistiques - réponses
Classement Joueur Club du joueur Nationalité % Correct
1 Lionel Messi FC Barcelone Argentine
100%
6 Cristiano Ronaldo Real Madrid Portugal
98%
2 Andrés Iniesta FC Barcelone Espagne
97%
3 Xavi FC Barcelone Espagne
97%
9 Didier Drogba Chelsea FC Côte d'ivoire
95%
12 Samuel Eto'o Inter Milan Cameroun
89%
14 Arjen Robben Bayern Munich Pays-Bas
86%
5 Diego Forlan Atlético Madrid Uruguay
85%
4 Wesley Sneijder Inter Milan Pays-Bas
83%
7 Iker Casillas Real Madrid Espagne
81%
15 Thomas Müller Bayern Munich Allemagne
80%
8 David Villa Valence CF / FC Barcelone Espagne
79%
11 Carles Puyol FC Barcelone Espagne
76%
13 Mesut Özil Werder Brême / Real Madrid Allemagne
70%
23 Philipp Lahm Bayern Munich Allemagne
69%
10 Xabi Alonso Real Madrid Espagne
65%
20 Cesc Fàbregas Arsenal FC Espagne
59%
16 Bastian Schweinsteiger Bayern Munich Allemagne
55%
17 Douglas Maicon Inter Milan Brésil
48%
22 Dani Alves FC Barcelone Brésil
47%
21 Miroslav Klose Bayern Munich Allemagne
47%
19 Julio Cesar Inter Milan Brésil
39%
18 Asamoah Gyan Stade Rennais FC / Sunderland AFC Ghana
29%
Aucun quiz correspondant
Distribution des résultats
% des personnes avec chaque résultat
Percentile par nombre de réponses
Votre historique - résultats
Vous n’avez pas pris ce quiz